Piranni Battista Piranesi: drawings in the Pierpont Morgan library
Uloženo v:
| Hlavní autor: | |
|---|---|
| Médium: | Kniha |
| Jazyk: | angličtina |
| Vydáno: |
Nueva York
Dover
1978
|
| Edice: | Collections of Fine Art in Dover Books
|
| Témata: | |
| Tagy: |
Přidat tag
Žádné tagy, Buďte první, kdo vytvoří štítek k tomuto záznamu!
|
MARC
| LEADER | 00000nam a2200000 a 4500 | ||
|---|---|---|---|
| 001 | UCT3955 | ||
| 003 | CL-VaPUC | ||
| 008 | 961031e19780000US |||||||||||||||||eng|d | ||
| 082 | 0 | 4 | |a 741.092 |b STA |2 21 |
| 100 | 0 | |a Stampfle, Felice |e author |9 373044 | |
| 245 | 1 | 0 | |a Piranni Battista Piranesi: drawings in the Pierpont Morgan library |
| 300 | |a 121 p | ||
| 942 | |c BK | ||
| 945 | |d 19961031 00:00:00 |a rleighto | ||
| 260 | |a Nueva York |b Dover |c 1978 | ||
| 650 | 0 | |a Artistas |9 262026 | |
| 650 | 0 | |a Colecciones artísticas |9 348038 | |
| 650 | 0 | |a Obras de arte |9 337253 | |
| 650 | 0 | |a Artistas |9 262026 | |
| 583 | |a last modification |c 19961031 00:00:00 |k Rodrigo Vera | ||
| 490 | 0 | |a Collections of Fine Art in Dover Books | |
| 999 | |c 253449 |d 253447 | ||
| 952 | |0 0 |1 0 |4 0 |6 741_092000000000000_STA_1978 |7 0 |8 A |9 274309 |a BIBARQ |b BIBARQ |d 2019-11-19 |i 3244180 |o 741.092 STA 1978 |p 3244180 |r 2025-01-20 |w 2019-11-19 |y BK |k ARQ | ||